| 000 | 00402nam a2200121Ia 4500 | ||
|---|---|---|---|
| 008 | 171212s9999 xx 000 0 und d | ||
| 020 | _a9780300125665 | ||
| 100 | _aSchneider, Wendie Ellen | ||
| 245 |
_cSchneider, Wendie Ellen _aEngines of Truth _bProducing Veracity in the Victorian Courtroom |
||
| 260 |
_bYale University Press _c2015 |
||
| 650 | _aLaw | ||
| 856 | _uhttp://jstor.org/stable/j.ctt1kft8hg | ||
| 999 |
_c353209 _d353209 |
||